000 002540000a22000970004500
100 1 _aStoebe, Hans Joachim
245 1 0 _aNoch einmal zu Amos 7:10-17
300 _aVol. 39, Num. 3 (Julio, 1989), Páginas 341-354
773 0 _tVetus Testamentum
942 _cANA
999 _c57525
_d57525